000
00290nam a22001337a 4500
008
210311b ||||| |||| 00| 0 eng d
041
_a
eng
080
_a
37
082
_a
37
100
_a
25
101
_a
EDU
245
_a
SME Mining Engineering Handbook
_c
Cummins,B.A
942
_2
udc
_c
BK
999
_c
56392
_d
56392